Verdens lande - god tid :) - Statistics

General Stats
  • This quiz has been taken 131 times
  • The average score is 112 of 196
Answers on the Map
Answers color-coded by a green-red scale on the quiz's map according to % correct below.
 
Answer Stats
Land % Correct
Canada
95%
Danmark
92%
USA
92%
Finland
90%
Mexico
90%
Norge
90%
Rusland
90%
Sverige
90%
Belgien
87%
Frankrig
87%
Grækenland
87%
Holland
87%
Island
87%
Italien
87%
Japan
87%
Kina
87%
Letland
87%
Litauen
87%
New Zealand
87%
Østrig
87%
Polen
87%
Portugal
87%
Spanien
87%
Storbritannien
87%
Tyskland
87%
Argentina
85%
Australien
85%
Irland
85%
Nordkorea
85%
Schweiz
85%
Sydkorea
85%
Ukraine
85%
Brasilien
82%
Chile
82%
Cuba
82%
Estland
82%
Kroatien
82%
Sydafrika
82%
Tyrkiet
82%
Albanien
79%
Bulgarien
79%
Egypten
79%
Hviderusland
79%
Indien
79%
Irak
79%
Iran
79%
Marokko
79%
Peru
79%
Rumænien
79%
Slovenien
79%
Thailand
79%
Tjekkiet
79%
Bosnien-Hercegovina
77%
Luxembourg
77%
Panama
77%
Qatar
77%
Slovakiet
77%
Vietnam
77%
Madagaskar
74%
Malta
74%
Mongoliet
74%
Niger
74%
Nigeria
74%
Uruguay
74%
Cypern
72%
Indonesien
72%
Jamaica
72%
Kasakhstan
72%
Venezuela
72%
Colombia
69%
Jordan
69%
Israel
67%
Kenya
67%
Kosovo
67%
Serbien
67%
Tanzania
67%
Ungarn
67%
Afghanistan
64%
Bahamas
64%
Bolivia
64%
Filippinerne
64%
Ghana
64%
Saudi-Arabien
64%
Andorra
62%
Cambodja
62%
Demokratiske Republik Congo
62%
Honduras
62%
Moldova
62%
Republikken Congo
62%
Sri Lanka
62%
Sudan
62%
Sydsudan
62%
Syrien
62%
Algeriet
59%
Angola
59%
Elfenbenskysten
59%
Monaco
59%
Uganda
59%
Ecuador
56%
Georgien
56%
Laos
56%
Montenegro
56%
Nepal
56%
Oman
56%
Pakistan
56%
Paraguay
56%
Somalia
56%
Vatikanstaten
56%
Zambia
56%
Haiti
54%
Malaysia
54%
Guatemala
51%
Guinea
51%
Rwanda
51%
San Marino
51%
Singapore
51%
Tunesien
51%
Yemen
51%
Botswana
49%
Libyen
49%
Maldiverne
49%
Mali
49%
Usbekistan
49%
Armenien
46%
Costa Rica
46%
Kuwait
46%
Liechtenstein
46%
Mozambique
46%
Papua Ny Guinea
46%
Zimbabwe
46%
Aserbajdsjan
44%
Bhutan
44%
El Salvador
44%
Fiji
44%
Kap Verde
44%
Senegal
44%
Surinam
44%
Tchad
44%
Bahrain
41%
Burma
41%
Dominikanske Republik
41%
Etiopien
41%
Forenede Arabiske Emirater
41%
Kirgisistan
41%
Liberia
41%
Makedonien
41%
Turkmenistan
41%
Bangladesh
38%
Belize
38%
Cameroun
38%
Gambia
38%
Guyana
38%
Libanon
38%
Malawi
38%
Saint Lucia
38%
Taiwan
38%
Eritrea
36%
Namibia
36%
Togo
36%
Benin
33%
Burkina Faso
33%
Mauritius
33%
Nicaragua
33%
Centralafrikanske Republik
31%
Djibouti
31%
Trinidad og Tobago
31%
Ækvatorialguinea
28%
Dominica
28%
Østtimor
28%
Samoa
28%
Seychellerne
28%
Swaziland
28%
Tonga
28%
Tuvalu
28%
Barbados
26%
Brunei
26%
Comorerne
26%
Lesotho
26%
Gabon
23%
Guinea-Bissau
23%
Mauretanien
23%
Mikronesien
23%
Palau
23%
Salomonøerne
23%
Grenada
21%
Burundi
18%
Marshalløerne
18%
Saint Vincent og Grenadinerne
18%
São Tomé og Príncipe
18%
Sierra Leone
18%
Vanuatu
18%
Kiribati
15%
Saint Kitts og Nevis
15%
Tadsjikistan
15%
Nauru
13%
Antigua og Barbuda
10%
No matching quizzes found
Score Distribution
Percent of People with Each Score
Percentile by Number Answered
Your Score History
You have not taken this quiz